| 000 | 00582nam a22001937a 4500 | ||
|---|---|---|---|
| 003 | LK-CoMWRAF | ||
| 005 | 20231030145831.0 | ||
| 008 | 231006b2003 |||||||| |||| 00| 0 eng d | ||
| 020 | _a1559633328 | ||
| 040 |
_aLK-CoMWRAF _dLK-CoMWRAF _eLK-CoMWRAF |
||
| 041 | _aeng | ||
| 082 |
_a363.7 _bPRE |
||
| 245 | _aPrecaution, environmental science, and preventive public policy | ||
| 260 |
_aWashington: _bIsland Press, _c2003 |
||
| 300 |
_axix, 406 p. : ill. ; 24 cm. _bIndex included |
||
| 650 | _aENVIRONMENTAL POLICY-Case studies | ||
| 700 |
_a Tickner, Joel A. _eed. |
||
| 942 | _cBK | ||
| 999 |
_c3805 _d3805 |
||